[Event "USA-ch Online Qualifier 2021"]
[Site "Online"]
[Date "2020.12.13"]
[Round "1.1"]
[White "Lenderman, Aleksandr"]
[Black "Hess, Robert"]
[Result "1/2-1/2"]
[WhiteElo "2624"]
[BlackElo "2591"]
[Annotator "TA"]
[PlyCount "111"]
[EventDate "2020.12.11"]
[EventType "tourn"]
[EventCountry "NET"]

{[%evp 9,111,0,0,3,18,22,30,23,9,9,24,-12,-12,-19,-12,-8,-7,-25,-17,-11,-8,-8,-2,-16,0,0,-3,-3,0,-9,0,-10,0,-14,0,-41,-37,-41,-8,-14,-12,-47,-10,0,16,0,0,-9,0,0,0,0,0,0,0,0,0,0,0,-31,0,0,0,0,0,0,0,0,0,0,0,0,0,0,0,0,0,0,0,0,0,0,0,0,0,0,172,171,167,159,158,168,179,179,179,178,166,172,166,0,160,0,220,0]} 1. c4 b6 2. d4 Bb7 3. Nf3 e6 4. g3 Bb4+ 5. Nbd2 Bxf3 6. exf3 {A40: Unusual replies to 1 d4.} Ne7 7. a3 Bxd2+ 8. Bxd2 {[#] White has an edge.} (8. Kxd2 d5 $15) 8... O-O $146 ({Predecessor:} 8... d5 9. b3 O-O 10. Bg2 dxc4 11. bxc4 Qxd4 12. O-O Nbc6 13. Qc2 Qf6 14. f4 Nd4 {0-1 (26) Romanov,E (2619)-Morozevich,A (2683) Sochi 2016}) 9. Bd3 Nbc6 10. Bc3 d5 11. O-O dxc4 12. Bxc4 Qd6 13. Qd3 Rad8 14. Rad1 Nd5 15. Bd2 Nce7 16. Rfe1 Rd7 17. Bb5 c6 18. Ba4 Rfd8 19. Bc2 Nf6 20. Qe2 Qd5 (20... Qxd4 $2 21. Bb4 $18) 21. Bf4 Qh5 22. Be5 (22. h4 {feels hotter.} Qb5 23. Bd3 Qa4 24. Be5 Nf5 25. Bc2) 22... Nfd5 23. Bb3 Ng6 24. Rc1 Nde7 25. Ba4 Nxe5 26. dxe5 h6 27. Bc2 c5 28. Kg2 Nf5 29. g4 Qg5 30. f4 Nh4+ 31. Kg3 Qe7 32. Rcd1 Ng6 33. Bxg6 fxg6 34. Qc2 Kf7 35. h4 Rd4 36. Rxd4 Rxd4 $11 {[%mdl 4096] Endgame KQR-KQR} 37. Rd1 Qd7 38. Rxd4 cxd4 {KQ-KQ} 39. Qd3 Qd5 40. f3 g5 41. hxg5 hxg5 42. fxg5 Qxe5+ {[%mdl 64] Double Attack} 43. f4 Qd5 44. Kf2 b5 45. Qf3 {aiming for Qxd5.} Qc5 46. Qb7+ Kf8 47. Kf3 {Black must now prevent g6.} g6 $2 (47... Qc4 $1 $11 {and Black stays safe.}) 48. Qd7 $1 $18 {[%cal Rd7e6]} Qc4 49. Qd8+ (49. Qxa7 Qf1+ 50. Kg3 Qg1+ 51. Kh3 Qf1+ 52. Kg3 Qg1+ 53. Kh3 Qf1+ 54. Kh4 Qf2+ 55. Kh3 Qxb2 $11) 49... Kf7 50. Qf6+ Ke8 51. Qxg6+ Kd7 52. Qf7+ Kd6 53. Qf8+ ({Worse is} 53. Qxa7 Qd3+ 54. Kg2 Qe4+ 55. Kh3 Qh1+ 56. Kg3 Qe1+ 57. Kh3 Qh1+ 58. Kg3 Qe1+ 59. Kh3 Qh1+ $11) 53... Kd7 54. Qf7+ Kd6 {[#]} 55. Qf8+ ({Not} 55. Qxa7 Qd3+ 56. Kf2 Qe3+ 57. Kg2 Qe4+ 58. Kh3 Qf3+ 59. Kh4 Qh1+ 60. Kg3 Qe1+ 61. Kf3 Qe3+ 62. Kg2 Qe4+ 63. Kh3 Qh1+ 64. Kg3 Qe1+ 65. Kg2 Qe2+ 66. Kh3 Qf3+ 67. Kh4 Qh1+ 68. Kg3 $11) (55. Kg3 $1 $16 {And now g6 would win.} Qe2 56. g6 Qe1+ 57. Kg2 Qe4+ 58. Kh2) 55... Kd7 $1 {[#]} 56. Qf7+ $2 {Weighted Error Value: White=0.13/Black=0.08} ({Only move:} 56. Kg3 $1 $18 d3 57. Qf7+ Kd6 58. Qe8 (58. Qxa7 $2 d2 $19)) 1/2-1/2

[Event "USA-ch Online Qualifier 2021"]
[Site "Online"]
[Date "2020.12.13"]
[Round "1.2"]
[White "Gareyev, Timur"]
[Black "Moradiabadi, Elshan"]
[Result "1/2-1/2"]
[WhiteElo "2606"]
[BlackElo "2555"]
[Annotator "TA"]
[PlyCount "42"]
[EventDate "2020.12.11"]
[EventType "tourn"]
[EventCountry "NET"]

{[%evp 9,42,0,0,0,0,0,0,-16,-24,-18,-10,-35,-30,-30,-24,-50,-12,-31,-12,-7,-4,-34,-35,-84,-83,-88,-85,-77,0,0,0,0,0,0,0]} 1. c3 d5 2. Nf3 c5 3. d4 e6 4. Bf4 Bd6 5. Bg3 Nf6 6. e3 {D02: 1 d4 d5 2 Nf3 sidelines, including 2...Nf6 3 g3 and 2...Nf6 3 Bf4.} O-O 7. Nbd2 Qc7 8. Ne5 Nbd7 {[%cal Rd7e5]} 9. f4 Ne4 10. Bd3 Nxd2 11. Qxd2 Nf6 12. O-O b6 {[#]} (12... c4 $5 {[%cal Rc4d3]} 13. Bc2 Ne4 14. Bxe4 dxe4 $15) 13. Rad1 $146 ({Predecessor:} 13. Qe2 Ne4 14. Bh4 f6 15. Ng4 Bb7 16. Rad1 c4 17. Bb1 b5 18. Be1 a5 19. a3 {½-½ (31) Fragiadakis,E (1743)-Lirindzakis,T (2157) Heraklion 2019}) 13... cxd4 14. cxd4 Ne4 15. Bxe4 dxe4 16. d5 Ba6 17. Rc1 {[#]} Qb7 $1 18. Rfd1 Bxe5 (18... Qxd5 $17 19. Qxd5 exd5) 19. fxe5 $11 {The position is equal.} Qxd5 20. Qxd5 exd5 21. Rxd5 Rac8 {Weighted Error Value: White=0.15/Black=0.10} 1/2-1/2

[Event "USA-ch Online Qualifier 2021"]
[Site "Online"]
[Date "2020.12.13"]
[Round "1.3"]
[White "Yoo, Christopher Woojin"]
[Black "Tang, Andrew"]
[Result "1-0"]
[WhiteElo "2455"]
[BlackElo "2538"]
[Annotator "TA"]
[PlyCount "101"]
[EventDate "2020.12.11"]
[EventType "tourn"]
[EventCountry "NET"]

{[%evp 13,101,4,14,6,16,8,9,6,50,48,28,38,43,25,60,58,52,44,65,60,70,31,30,34,24,0,0,0,10,2,35,29,44,0,0,0,0,0,0,0,0,0,0,0,0,0,0,0,0,0,0,0,4,0,0,0,0,0,0,-4,-10,-7,0,0,569,565,551,547,539,501,1170,1122,972,842,835,828,810,793,1115,737,29973,29970,29994,29995,29995,29996,29996,29997,29997,29998]} 1. d4 d5 2. c4 e6 3. Nc3 Be7 4. Nf3 Nf6 5. Bf4 O-O 6. e3 b6 7. cxd5 Nxd5 8. Nxd5 {D37: Queen's Gambit Declined: 5 Bf4.} Qxd5 9. Bxc7 {9.Be2 gains popularity.} Qa5+ 10. Nd2 $1 {The position is equal.} Ba6 11. Bxb8 {[#] aiming for Bxa6.} Bxf1 $146 ({Predecessor:} 11... Raxb8 12. a3 Bxf1 13. Kxf1 Rfc8 14. Nf3 Qb5+ 15. Qe2 Qxe2+ 16. Kxe2 Rc2+ 17. Nd2 Rxb2 {1-0 (65) Sarana,A (2654)-Sevian,S (2660) chess.com INT 2020}) 12. Kxf1 Raxb8 13. Nf3 Rbc8 14. Qd3 Rc7 15. Ke2 Qb4 16. Rab1 Qa4 17. a3 Rc2+ 18. Kf1 Qc6 19. Ne1 (19. Ne5 {with more complications.} Qc8 20. g3 Bd6 21. Nf3 Rxb2 22. Rxb2 Qc1+ 23. Kg2) 19... Rc4 20. Rd1 Rc8 21. Qe2 e5 22. dxe5 Qe4 23. Rd4 Rxd4 24. exd4 Qxd4 25. g3 Qd5 {[%cal Rd5h1]} 26. Nf3 g5 {...g4 is the strong threat.} 27. h3 h5 {And now ...Rc1+ would win.} 28. g4 hxg4 29. hxg4 Rc1+ 30. Kg2 Rc4 31. Kg3 Qe6 32. Nd2 Rc5 33. Nf3 {Black must now prevent Qe4.} Rc4 34. Ne1 Qd5 35. f3 $40 {[%mdl 128] Black needs to defend precisely.} Rd4 36. Rh2 Rd1 37. Qe3 Qc4 38. Re2 Bc5 $2 {[%mdl 8192]} (38... a5 $11 {and Black is okay.}) 39. Qxg5+ $18 Kf8 40. Rh2 {[%cal Rh2h8]} Ke8 41. Ng2 Rf1 (41... Bf8 $142 42. Rh8 Qc5) 42. Rh8+ Bf8 {[#]} 43. e6 $1 Qxe6 44. Qb5+ Ke7 45. Qb4+ Kd7 46. Qxf8 {Strongly threatening Qc8+.} Qe5+ 47. f4 {White mates.} Qxb2 48. Qc8+ Kd6 49. Rd8+ Ke7 50. Rd7+ {[%mdl 64] [#] Double Attack} Kf6 51. Qh8+ {Weighted Error Value: White=0.06/Black=0.45} 1-0

[Event "USA-ch Online Qualifier 2021"]
[Site "Online"]
[Date "2020.12.13"]
[Round "1.4"]
[White "Naroditsky, Daniel"]
[Black "Swiercz, Dariusz"]
[Result "1/2-1/2"]
[WhiteElo "2621"]
[BlackElo "2649"]
[Annotator "TA"]
[PlyCount "39"]
[EventDate "2020.12.11"]
[EventType "tourn"]
[EventCountry "NET"]

{[%evp 10,39,18,18,17,15,32,20,20,7,17,6,7,6,7,6,11,27,13,16,18,14,12,4,4,0,8,0,12,4,12,0]} 1. e4 c5 2. c3 d5 3. exd5 Qxd5 4. d4 Nc6 5. Nf3 Bf5 6. Be3 cxd4 {B22: Sicilian: 2 c3.} 7. Nxd4 e6 8. Nxf5 Qxf5 {[#]} 9. Qd3 $146 ({Predecessor:} 9. Nd2 Bc5 10. Bxc5 Qxc5 11. Qb3 Nf6 12. Qb5 Qe5+ 13. Qxe5 Nxe5 14. Bb5+ Ke7 15. f3 {0-1 (49) Mammadov,Z (2417)-Jones,G (2670) Chess.com INT 2020}) 9... Nge7 10. Qxf5 Nxf5 11. Bc1 O-O-O 12. Nd2 g6 13. Nf3 Bh6 14. Bxh6 {The position is equal.} Nxh6 15. Bb5 e5 16. Bxc6 bxc6 17. Ke2 f6 18. Rad1 Nf7 19. Rxd8+ Rxd8 20. Rd1 {A rather calm draw.  Weighted Error Value: White=0.04/Black=0.04} 1/2-1/2

[Event "USA-ch Online Qualifier 2021"]
[Site "Online"]
[Date "2020.12.13"]
[Round "2.1"]
[White "Hess, Robert"]
[Black "Naroditsky, Daniel"]
[Result "0-1"]
[WhiteElo "2591"]
[BlackElo "2621"]
[Annotator "TA"]
[PlyCount "84"]
[EventDate "2020.12.11"]
[EventType "tourn"]
[EventCountry "NET"]
[SourceTitle "playchess.com"]
[Source "ChessBase"]
[SourceQuality "1"]

{[%evp 14,83,49,52,60,52,53,31,39,34,37,22,37,15,18,18,29,26,25,13,32,25,26,4,0,0,0,0,0,6,-2,-26,-33,-27,0,19,15,18,89,0,115,0,109,0,0,-217,-220,-220,-214,-214,-215,-212,-218,-222,-230,-247,-262,-532,-541,-677,-685,-29988,-29980,-29980,-29981,-29980,-29981,-29978,-29979,-29976,-592,-29999]} 1. e4 c5 2. Nf3 e6 3. c3 d5 4. exd5 exd5 5. d4 c4 6. b3 cxb3 7. axb3 Bd6 8. Bd3 Ne7 {B22: Sicilian: 2 c3.} 9. O-O O-O 10. c4 Nbc6 {White is slightly better.} 11. Nc3 {[#]} h6 $146 ({Predecessor:} 11... Nb4 12. Bb1 Bf5 13. Bxf5 Nxf5 14. c5 Be7 15. Ra4 Nc6 16. Bf4 a6 17. Qd3 g6 {0-1 (37) Garcia Martin,M (2027)-Kochukova,A (1904) Batumi 2014}) 12. c5 Bb8 13. Ra4 a5 14. Re1 Nb4 15. Bb1 Bd7 16. Ra1 Bg4 17. h3 Bh5 18. Na2 Nbc6 19. Qd3 {[%csl Gb1][%cal Rd3h7]} Bg6 20. Qb5 Qc7 21. Bb2 Nf5 22. Bxf5 Bxf5 23. Nc3 Nxd4 24. Nxd4 Bd7 25. Qb6 Qh2+ 26. Kf1 Bf4 (26... Bxh3 $1 $11 27. gxh3 Ra6) 27. Nxd5 ({Stronger than} 27. Qxb7 Bxh3 28. Qxd5 (28. gxh3 Qxh3+ 29. Ke2 Rfe8+ 30. Qe7 Rxe7+ 31. Ne6 Rxe6+ 32. Ne4 Rxe4+ 33. Kd1 Qxb3#) 28... Rad8 $17) ({White must play} 27. Nce2 $1 $16 {[%cal Re2f4]} Qh1+ 28. Ng1) 27... Rae8 (27... Qh1+ $11 {remains equal.} 28. Ke2 Rae8+ 29. Kf3 Rxe1 30. Rxe1 Qxe1 31. Qxb7 (31. Nxf4 Qd2 $11) 31... Bc8 32. Ne7+ {[%mdl 64] Double Attack} Kh8) 28. Ne7+ (28. Re7 $1 $16 Bxh3 29. Nxf4 $1 {[%mdl 512]} (29. gxh3 Qh1+ {[%mdl 64] Double Attack} 30. Ke2 Qxd5 $11)) 28... Kh7 $1 $11 {Strongly threatening ...Qh1+.} 29. Qxb7 $2 (29. Bc3 $1 $11 {and White is okay.} Qh1+ 30. Ke2 Qxg2 31. Kd3) 29... Qh1+ $40 {[%mdl 128] Black goes for the king.} 30. Ke2 Rxe7+ 31. Kf3 Rxe1 32. Rxe1 Qxe1 33. Qxd7 {[#] aiming for Qf5+.} Bg5 $1 34. Qf5+ Kg8 35. Qc2 $2 (35. c6 {might work better.} Qd2 36. Nc2) 35... Re8 {White must now prevent ...Re3+!} 36. Nf5 g6 37. Nd6 {[#]} Re3+ $1 {[%mdl 512]} 38. Kg4 (38. fxe3 Qxe3+) 38... f5+ {[%mdl 64] Overworked Piece} 39. Nxf5 Re4+ 40. Kf3 gxf5 41. Qd3 Qd2 (41... Rf4+ $142 42. Kg3 Qxf2+ {[%mdl 64] Double Attack} 43. Kh2 Qxb2 44. Qa6 Kh7 45. Qd6 Qg7 46. Kg1 Rd4 47. Qg3 Rd1+ 48. Kh2 Rf1 49. c6 {[#]} Bf4 $1 {[%mdl 512]} 50. Qxf4 Rxf4 51. g4 Qb2+ {[%mdl 64] Double Attack} 52. Kg1 Qe2 53. gxf5 Rf1#) 42. Qa6 {And now Qg6+ would win.} Qf4# {Weighted Error Value: White=0.72/Black=0.30} 0-1

[Event "USA-ch Online Qualifier 2021"]
[Site "Online"]
[Date "2020.12.13"]
[Round "2.2"]
[White "Swiercz, Dariusz"]
[Black "Yoo, Christopher Woojin"]
[Result "1/2-1/2"]
[WhiteElo "2649"]
[BlackElo "2455"]
[Annotator "TA"]
[PlyCount "86"]
[EventDate "2020.12.11"]
[EventType "tourn"]
[EventCountry "NET"]
[SourceTitle "playchess.com"]
[Source "ChessBase"]
[SourceQuality "1"]

{[%evp 13,86,10,7,2,11,12,28,29,10,20,31,13,45,13,13,13,13,10,9,9,33,43,37,53,64,55,84,84,84,84,84,68,56,48,50,35,84,84,84,68,77,68,95,68,98,68,68,35,95,68,68,68,68,69,69,75,78,54,51,50,50,36,49,43,48,43,43,31,27,0,46,0,32,0,59]} 1. Nf3 Nf6 2. c4 e6 3. g3 d5 4. d4 Be7 5. Bg2 O-O 6. O-O dxc4 7. Qc2 b5 8. a4 {E05: Open Catalan: 5 Nf3 Be7.} Bb7 9. axb5 a6 10. Nc3 {White has an edge.} axb5 11. Rxa8 Bxa8 12. Nxb5 Bd5 13. Nc3 {[#]} Bxf3 $146 ({Predecessor:} 13... Nc6 14. e4 Nb4 15. Qb1 Bb7 16. Be3 Qa8 17. Ne5 Qa6 18. Rd1 Nc6 19. Bg5 Nxe5 20. dxe5 {1-0 (31) Lee,M (2408)-Titus,A (2185) Greensboro 2018}) 14. Bxf3 Qxd4 15. Be3 Qe5 16. Qa4 Nd5 17. Nxd5 exd5 18. b3 cxb3 19. Qxb3 Bg5 20. Bxg5 Qxg5 21. Bxd5 Nd7 22. Rd1 {aiming for Bxf7+!} Qe7 23. Qb5 g6 24. Rc1 Nf6 25. Bf3 Rd8 26. h4 h6 27. Kg2 Kg7 28. Rc4 Rd6 29. Qb7 Rd7 30. Qb2 Kg8 ({Black should play} 30... c5 $14) 31. Qc3 h5 32. Qc2 Kg7 33. Rc5 Kg8 34. Rc6 Ne8 35. Rc3 Ng7 36. Bc6 Rd6 37. e4 Qe5 38. Rc5 Qd4 39. Bd5 Ne8 40. Rc4 Qe5 41. Rc5 {[#] Hoping for Bxf7+!} Qd4 $1 42. Rc4 Qe5 $1 43. Rc5 {And now Bxf7+! would win.} Qd4 $1 {Weighted Error Value: White=0.11/Black=0.08} 1/2-1/2

[Event "USA-ch Online Qualifier 2021"]
[Site "Online"]
[Date "2020.12.13"]
[Round "2.3"]
[White "Tang, Andrew"]
[Black "Gareyev, Timur"]
[Result "1/2-1/2"]
[WhiteElo "2538"]
[BlackElo "2606"]
[Annotator "RC"]
[PlyCount "105"]
[EventDate "2020.12.11"]
[EventType "tourn"]
[EventCountry "NET"]
[SourceTitle "playchess.com"]
[Source "ChessBase"]
[SourceQuality "1"]
[TimeControl "5400+30"]

1. d4 {[%emt 0:00:01]} Nf6 {[%emt 0:00:05]} 2. c4 {[%emt 0:00:08]} c6 {[%emt 0:00:16]} 3. Nf3 {[%emt 0:01:52]} b5 {[%emt 0:01:46]} 4. cxb5 {[%emt 0:01:59]} cxb5 {[%emt 0:00:07]} 5. Bf4 {[%emt 0:00:01]} Nh5 {[%emt 0:08:15]} 6. Bd2 {[%emt 0:04:35]} Bb7 {[%emt 0:03:52]} 7. Qb3 {[%emt 0:29:22]} a6 {[%emt 0:04:19]} 8. a4 {[%emt 0:05:04]} e6 {[%emt 0:02:03]} 9. axb5 {[%emt 0:02:54]} Bd5 {[%emt 0:00:37]} 10. Qd3 {[%emt 0:01:43]} Nf6 {[%emt 0:02:02]} 11. Nc3 {[%emt 0:01:52]} axb5 {[%emt 0:01:26]} 12. Rxa8 {[%emt 0:00:05]} Bxa8 {[%emt 0:00:00]} 13. Qxb5 {[%emt 0:00:37]} Bd6 {[%emt 0:01:52]} 14. e3 {[%emt 0:01:26]} Bxf3 {[%emt 0:04:39]} 15. gxf3 {[%emt 0:00:04]} O-O {[%emt 0:00:11]} 16. Ne4 {[%emt 0:05:57]} Nxe4 {[%emt 0:09:54]} 17. fxe4 {[%emt 0:00:00]} Qh4 {[%emt 0:00:02]} 18. Bg2 {[%emt 0:10:29]} Nc6 {[%emt 0:01:22]} 19. e5 {[%emt 0:00:44]} Rb8 {[%emt 0:00:12]} 20. Qd3 {[%emt 0:00:27]} Be7 {[%emt 0:08:26]} 21. Bc3 {[%emt 0:01:46]} Nb4 {[%emt 0:00:37]} 22. Qe4 {[%emt 0:06:29]} Na2 {[%emt 0:00:09]} 23. Qc2 {[%emt 0:08:16]} d6 {[%emt 0:02:05]} 24. exd6 {[%emt 0:01:06]} Bxd6 {[%emt 0:00:11]} 25. h3 {[%emt 0:00:49]} g6 {[%emt 0:13:39]} 26. O-O {[%emt 0:00:54]} Nb4 {[%emt 0:07:16]} 27. Qe2 {[%emt 0:00:07]} Nd5 {[%emt 0:00:29]} 28. Ra1 {[%emt 0:00:49]} h5 {[%emt 0:00:05]} 29. Bxd5 {[%emt 0:00:58]} exd5 {[%emt 0:00:07]} 30. Qf3 {[%emt 0:00:01]} Qg5+ {[%emt 0:03:04]} 31. Kf1 {[%emt 0:01:08]} Rb5 {[%emt 0:04:39]} 32. Ra7 {[%emt 0:02:37]} Be7 {[%emt 0:03:55]} 33. Qg3 {[%emt 0:04:49]} Qxg3 {[%emt 0:05:29]} 34. fxg3 {[%emt 0:00:00]} Bd6 {[%emt 0:00:06]} 35. Kf2 {[%emt 0:00:02]} Kf8 {[%emt 0:00:31]} 36. g4 {[%emt 0:01:06]} hxg4 {[%emt 0:00:12]} 37. hxg4 {[%emt 0:00:00]} Ke8 {[%emt 0:02:29]} 38. Kf3 {[%emt 0:00:36]} Bb8 {[%emt 0:00:34]} 39. Ra5 {[%emt 0:04:41]} Rxa5 {[%emt 0:00:03]} 40. Bxa5 {[%emt 0:00:00]} Kd7 {[%emt 0:00:24]} 41. e4 {[%emt 0:00:38]} f6 {[%emt 0:04:00]} 42. b4 {[%emt 0:02:36]} Kc6 {[%emt 0:01:11]} 43. Bd8 {[%emt 0:00:16]} Bd6 {[%emt 0:05:28]} 44. Bxf6 {[%emt 0:00:06]} Bxb4 {[%emt 0:00:03]} 45. Kf4 {[%emt 0:00:04]} Bd2+ {[%emt 0:01:00]} 46. Ke5 {[%emt 0:00:03]} dxe4 {[%emt 0:00:00]} 47. Kxe4 {[%emt 0:00:50]} Kd6 {[%emt 0:00:32]} 48. d5 {[%emt 0:00:14]} Bc1 {[%emt 0:00:32]} 49. Be5+ {[%emt 0:00:31]} Kd7 {[%emt 0:00:52]} 50. Bd4 {[%emt 0:00:03]} Bh6 {[%emt 0:00:44]} 51. Be3 {[%emt 0:00:13]} Bf8 {[%emt 0:00:23]} 52. Bf4 {[%emt 0:00:05]} Ba3 {[%emt 0:00:17]} 53. Be5 {[%emt 0:00:23]} 1/2-1/2

[Event "USA-ch Online Qualifier 2021"]
[Site "Online"]
[Date "2020.12.13"]
[Round "2.4"]
[White "Moradiabadi, Elshan"]
[Black "Lenderman, Aleksandr"]
[Result "1/2-1/2"]
[WhiteElo "2555"]
[BlackElo "2624"]
[Annotator "TA"]
[PlyCount "59"]
[EventDate "2020.12.11"]
[EventType "tourn"]
[EventCountry "NET"]
[SourceTitle "playchess.com"]
[Source "ChessBase"]
[SourceQuality "1"]

{[%evp 11,59,30,22,16,25,14,22,9,40,49,47,48,45,42,56,46,56,52,68,66,64,18,39,22,22,0,0,0,0,-1,0,0,8,6,38,0,0,0,24,0,0,0,0,0,21,0,0,0,22,0]} 1. d4 d5 2. Nf3 Nf6 3. c4 dxc4 4. e3 e6 5. Bxc4 c5 6. O-O Nc6 7. Nc3 {D26: Queen's Gambit Accepted: 4 e3 e6 5 Bxc5 c5 sidelines.} a6 8. d5 exd5 9. Nxd5 Nxd5 (9... Be7 {seems wilder.} 10. Qe2 Nxd5 11. Rd1 O-O 12. Bxd5 Qc7) 10. Bxd5 {[#]} Bd6 $146 ({Predecessor:} 10... Be7 11. e4 O-O 12. Be3 Qc7 13. Rc1 Nd8 14. Qc2 Be6 15. Rfd1 Rc8 16. Ng5 Bxg5 17. Bxg5 {1-0 (40) Tajovsky,S (1594)-Skalicky,J (1165) Ceskå Budejovice 2020}) 11. Bxc6+ bxc6 12. b3 O-O 13. Bb2 Qe7 14. Qc2 Bg4 15. Qc3 {[%csl Gb2][%cal Rc3g7] [#]} f6 16. Nd2 Rfd8 17. Nc4 Bc7 18. f3 Be6 19. Rad1 a5 20. Qc2 Bf7 21. a4 Kh8 22. e4 h6 23. Rfe1 Rxd1 24. Rxd1 Rd8 25. Bc3 Bxc4 {The position is equal.} 26. bxc4 Rb8 27. Rb1 Rd8 28. Rd1 Rb8 29. Rb1 Rd8 30. Rd1 {Weighted Error Value: White=0.10/Black=0.08} 1/2-1/2

[Event "USA-ch Online Qualifier 2021"]
[Site "Online"]
[Date "2020.12.15"]
[Round "3.1"]
[White "Moradiabadi, Elshan"]
[Black "Hess, Robert"]
[Result "1-0"]
[WhiteElo "2555"]
[BlackElo "2591"]
[Annotator "TA"]
[PlyCount "71"]
[EventDate "2020.12.11"]
[EventType "tourn"]
[EventCountry "NET"]
[SourceTitle "playchess.com"]
[Source "ChessBase"]
[SourceQuality "1"]

{[%evp 22,71,14,12,14,8,48,38,63,60,59,62,68,77,93,96,162,164,154,146,147,112,179,177,167,135,214,218,262,272,405,392,358,211,542,542,541,523,539,533,542,539,519,502,564,557,540,533,525,514,482,427]} 1. d4 Nf6 2. c4 g6 3. Nc3 d5 4. Bf4 Bg7 5. e3 O-O 6. cxd5 Nxd5 7. Nxd5 Qxd5 8. Bxc7 Na6 9. Bxa6 Qxg2 10. Qf3 Qxf3 11. Nxf3 bxa6 12. Rc1 Bb7 {D84: Grünfeld: 4 Bf4 Bg7 5 e3 0-0 6 cxd5.} 13. Ke2 Rfc8 (13... a5 $5) 14. Rc3 f6 {[#] White is slightly better.} 15. Rhc1 $146 ({Predecessor:} 15. Rd1 Kf7 16. Nd2 Bf8 17. a3 Ke8 18. Rdc1 e6 19. f3 Kd7 20. e4 Bh6 21. R1c2 {1-0 (33) Bykhovsky,A (2411)-Nasuta,G (2345) Teplice 2015}) 15... Kf7 16. Nd2 g5 17. Rc5 Bf8 18. d5 e5 (18... Re8 $16) 19. d6 $18 Ke6 20. Nc4 g4 21. Rc3 Re8 (21... Rab8 $16 {might work better.}) 22. Rd3 Kd7 23. Ke1 Bc6 {[#]} (23... Bf3 $16 24. Nd2 Re6) 24. Na5 $1 Be4 {[#]} 25. Rd2 $1 Re6 (25... Bf5 $142 26. Rc6 Rec8 27. Rxa6 Ke8) 26. Rc4 Bf3 27. Nb3 (27. e4 $142) 27... Bxd6 $2 (27... Rxd6 {is tougher.} 28. Bxd6 Bxd6) 28. Nc5+ {[%mdl 64] Double Attack. White is clearly winning.} Kxc7 29. Nxe6+ Kd7 30. Ng7 Rb8 31. Nf5 Rb6 32. e4 a5 33. Ra4 Ke6 {...Bb4! is the strong threat.} 34. Rxd6+ Rxd6 35. Nxd6 Kxd6 36. Kd2 {Weighted Error Value: White=0.09/Black=0.42} 1-0

[Event "USA-ch Online Qualifier 2021"]
[Site "Online"]
[Date "2020.12.15"]
[Round "3.2"]
[White "Lenderman, Aleksandr"]
[Black "Tang, Andrew"]
[Result "1-0"]
[WhiteElo "2624"]
[BlackElo "2538"]
[Annotator "TA"]
[PlyCount "45"]
[EventDate "2020.12.11"]
[EventType "tourn"]
[EventCountry "NET"]
[SourceTitle "playchess.com"]
[Source "ChessBase"]
[SourceQuality "1"]

{[%evp 15,44,0,9,0,42,50,49,38,57,48,89,105,140,157,156,128,126,153,183,176,341,236,650,642,819,763,29994,29995,29996,29997,29999]} 1. d4 d5 2. c4 e6 3. Nc3 Be7 4. cxd5 exd5 5. Bf4 c6 6. e3 Bf5 7. g4 Be6 8. h4 Nd7 9. Qb3 $5 {[%mdl 4] 9.Qb3 is setting a new trend. A promising side line. D31: Queen's Gambit Declined: Semi-Slav without ...Nf6 (+ Marshall Gambit and Noteboom) and Exchange Variation lines without ...Nf6.} Qb6 10. f3 Ngf6 {[#]} 11. h5 $146 {White is slightly better.} ({Predecessor:} 11. Bd3 c5 12. Nge2 O-O 13. h5 cxd4 14. Qxb6 Nxb6 15. Nxd4 Nc4 16. Bxc4 dxc4 17. h6 {1-0 (45) Luukkonen,T (2349)-Keinanen,T (2341) Helsinki 2018}) 11... O-O 12. Bd3 Rfc8 13. Qc2 h6 14. g5 hxg5 15. Bxg5 c5 16. Nge2 Re8 17. h6 {Hoping for hxg7.} c4 $2 {[#]} (17... g6 {is a better defense.} 18. Bxg6 Kh8) 18. Bxc4 $1 {[%mdl 512] hxg7 is the strong threat.} dxc4 $2 (18... g6) 19. hxg7 $18 Qa5 {[#]} 20. d5 $1 {[%mdl 512]} Ne5 (20... Bxd5 21. Qf5) 21. Bxf6 {[%csl Gf6,Gg7][%cal Rh1h8] White mates.} Nd3+ {[#]} 22. Qxd3 $1 {[%mdl 576] Back Rank} cxd3 23. Rh8# {White took control after the opening.  Weighted Error Value: White=0.13/Black=0.87} 1-0

[Event "USA-ch Online Qualifier 2021"]
[Site "Online"]
[Date "2020.12.15"]
[Round "3.3"]
[White "Gareyev, Timur"]
[Black "Swiercz, Dariusz"]
[Result "1-0"]
[WhiteElo "2606"]
[BlackElo "2649"]
[Annotator "TA"]
[PlyCount "77"]
[EventDate "2020.12.11"]
[EventType "tourn"]
[EventCountry "NET"]
[SourceTitle "playchess.com"]
[Source "ChessBase"]
[SourceQuality "1"]

{[%evp 28,77,28,0,0,0,0,7,7,3,34,34,19,16,18,28,130,115,145,141,205,210,214,218,271,260,294,306,348,330,458,441,477,403,530,528,601,601,591,566,559,546,572,542,534,520,610,600,568,542,542,542]} 1. d4 Nf6 2. c4 g6 3. Nc3 d5 4. Qa4+ Bd7 5. Qd1 Bc8 6. Nf3 Bg7 7. Qa4+ Bd7 8. Qd1 Bc8 9. cxd5 Nxd5 10. e4 Nxc3 11. bxc3 c5 12. Be3 Qa5 13. Qd2 O-O 14. Rc1 Bg4 {14...e6 is the recent fashion.} 15. Ng5 cxd4 {D85: Exchange Grünfeld: Unusual White 7th moves and lines with 7 Nf3.} 16. cxd4 Qxd2+ 17. Kxd2 Nc6 {The position is equal.} 18. h3 Bd7 19. d5 Na5 20. Bd3 h6 21. Nf3 {[#] And now Bc5 would win.} b6 $146 (21... e6 $11 {keeps the balance.}) ({Predecessor:} 21... e6 22. Bc5 Rfc8 23. Bb4 b6 24. d6 e5 25. Ba6 Rxc1 26. Rxc1 Rd8 27. Ke2 Be6 28. Rc7 Bf8 29. Nxe5 Bxd6 30. Bxd6 Rxd6 31. a3 Rd4 {½-½ (39) Kuljasevic,D (2564)-Sivuk,V (2467) Paleochora 2012}) 22. Rc7 $16 Rfd8 23. Bd4 $36 {[%mdl 2048] White is really pushing.} Bf8 (23... Bxd4 $16 {keeps fighting.} 24. Nxd4 e6) 24. Rhc1 $18 Be8 25. Ke3 Rdb8 26. Ne5 a6 27. Nc6 Nxc6 28. dxc6 b5 29. e5 e6 30. Be4 Bb4 31. Ra7 {[#] Threatens to win with c7.White is clearly winning.} Rxa7 32. Bxa7 Rc8 {If only Black now had time for ...Ba5....} 33. c7 Ba5 34. Bb8 Bb6+ 35. Kf4 Bd7 36. Bb7 $1 {[%csl LRa6,LRc8]} Re8 37. c8=Q Bxc8 38. Rxc8 Rxc8 39. Bxc8 {Black got outplayed after the opening.  Weighted Error Value: White=0.06/Black=0.35} 1-0